|
|
|
|
| LEADER |
00697nab a2200205 i 4500 |
| 001 |
misc66155 |
| 005 |
20240925120309.0 |
| 008 |
230719s1935 hu o 000 tur d |
| 040 |
|
|
|a SZTE Miscellanea Repozitórium
|b hun
|
| 041 |
|
|
|a tur
|
| 100 |
1 |
|
|a Schede Martin
|
| 245 |
1 |
0 |
|a Ayzani kılavuzu
|h [elektronikus dokumentum] /
|c Schede Martin
|
| 260 |
|
|
|a Çankaya Matbaası
|b Ankara
|c 1935
|
| 300 |
|
|
|a 14 p.
|c 20 cm
|
| 561 |
|
|
|a Németh Gyula hagyaték
|
| 591 |
|
|
|a NOV 5327; NOV 5328
|
| 650 |
|
4 |
|a Bölcsészettudományok
|
| 650 |
|
4 |
|a Történettudomány és régészet
|
| 695 |
|
|
|a Régészet - leletek - Törökország
|
| 856 |
4 |
0 |
|u http://misc.bibl.u-szeged.hu/66155/1/5327_nov.pdf
|z Dokumentum-elérés
|